000 02051nam a2200277Ia 4500
999 _c51187
_d51187
001 18146
003 GE_BSU
005 20210311150739.0
008 181216s2009||||ge |||||||||||||| ||geo||
020 _a9789941409363
040 _cGE_BSU
080 _a821.14'04+091(=14'01) ბ-25
100 _aბარამიძე, მაია
_93189
245 _aზოსიმეს "სწავლაის" ქართული თარგმანები :
_b[წ.] 2. /
_cმაია ბარამიძე; გამოსაც. მოამზადა, წინასიტყვ. და ლექსიკონი დაურთო მაია ბარამიძემ ; [რედ.: ზურაბ ჭუმბურიძე]; ბათუმის სახ. უნ-ტი, ქართული ენის კათედრა
264 _aბათუმი :
_bშოთა რუსთაველის სახელმწ. უნ-ტის გამ-ბა,
_c2009.
300 _a176 გვ.;
_b21 სმ.
504 _aბიბლიოგრ.: გვ. 163-169.
520 _aVI საუკუნის პალესტინელი მოღვაწის - ზოსიმეს "სწავლაი" სამოძღვრო ხასიათის აპოფთეგმური ჟანრის თხზულებაა. რეზ. ინგლ. და რუს. შენიშვნ.: გვ. 152-162
541 _h7ლ.
653 _aბერძნული ხელნაწერები
653 _aზოსიმეს "სწავლაის" ქართული თარგმანები
653 _aძველი ქართული ლიტერატურა; ძველი ბერძნული ლიტერატურა;
700 _aჭუმბურიძე, ზურაბ
_eრედაქტორი
_98055
710 _aბსუ
_bქართული ენის კათედრა
_910416
942 _cBK
_2udc